000
00307nam a2200121 a 4500
005
20140414131923.0
008
101023s19uu xx 00 eng d
050
_a
ER
_b
W81 1979
100
_a
Baum, L. Frank
245
_a
The wonderful wizard of Oz.
260
_a
London :
_b
Octopus,
_c
1979.
999
_c
111847
_d
111847